[Event "Liberec op"]
[Site "Liberec"]
[Date "2007.11.15"]
[Round "7"]
[White "Van Kesteren, Stef"]
[Black "Sirota, Sergej"]
[Result "1/2-1/2"]
[WhiteElo "1864"]
[BlackElo "2044"]
[PlyCount "36"]
[EventDate "2007.11.10"]
[EventType "swiss"]
[EventRounds "9"]
[EventCountry "CZE"]
[SourceTitle "EXT 2008"]
[Source "ChessBase"]
[SourceDate "2007.11.25"]
[SourceVersion "1"]
[SourceVersionDate "2007.11.25"]
[SourceQuality "1"]

1. e4 c6 2. d4 d5 3. Nc3 dxe4 4. Nxe4 Bf5 5. Ng3 Bg6 6. Bc4 e6 7. N1e2 h6 8. 0-0 Nf6 9. f4 Be7 10. f5 exf5 11. Nxf5 Bxf5 12. Rxf5 0-0 13. Qf1 Nbd7 14. Bd2 b5 15. Bd3 Nb6 16. Qf3 Nbd5 17. Qh3 Re8 18. Raf1 Bf8 1/2-1/2

[Event "Ricany op-A"]
[Site "Ricany"]
[Date "2007.08.30"]
[Round "7"]
[White "Sirota, Sergej"]
[Black "Krasnay, Peter"]
[Result "1-0"]
[WhiteElo "2009"]
[BlackElo "2123"]
[PlyCount "57"]
[EventDate "2007.08.25"]
[EventType "swiss"]
[EventRounds "9"]
[EventCountry "CZE"]
[SourceTitle "EXT 2008"]
[Source "ChessBase"]
[SourceDate "2007.11.25"]
[SourceVersion "1"]
[SourceVersionDate "2007.11.25"]
[SourceQuality "1"]

1. d4 Nf6 2. c4 g6 3. Nc3 Bg7 4. e4 d6 5. f3 0-0 6. Be3 e5 7. Nge2 c6 8. Qd2 Nbd7 9. d5 cxd5 10. cxd5 a6 11. g4 b5 12. Ng3 Nc5 13. h4 b4 14. Nd1 Qa5 15. Bc4 Bd7 16. b3 Rac8 17. h5 Bxg4 18. fxg4 Ncxe4 19. Nxe4 Nxe4 20. Qg2 Nc3 21. Nxc3 e4 22. Na4 Rxc4 23. Bb6 Qxd5 24. bxc4 Qc6 25. Rd1 Qxa4 26. 0-0 Qc6 27. Bd4 Bxd4+ 28. Rxd4 Qc5 29. Qxe4 1-0

[Event "Ricany op-A"]
[Site "Ricany"]
[Date "2007.08.25"]
[Round "1"]
[White "Sirota, Sergej"]
[Black "Studnicka, Tomas"]
[Result "0-1"]
[WhiteElo "2009"]
[BlackElo "2307"]
[PlyCount "110"]
[EventDate "2007.08.25"]
[EventType "swiss"]
[EventRounds "9"]
[EventCountry "CZE"]
[SourceTitle "EXT 2008"]
[Source "ChessBase"]
[SourceDate "2007.11.25"]
[SourceVersion "1"]
[SourceVersionDate "2007.11.25"]
[SourceQuality "1"]

1. d4 Nf6 2. c4 g6 3. Nc3 d5 4. cxd5 Nxd5 5. e4 Nxc3 6. bxc3 Bg7 7. Bc4 c5 8. Ne2 Nc6 9. Be3 0-0 10. 0-0 Bd7 11. Qd2 Re8 12. Rfd1 Rc8 13. Rac1 Na5 14. Bd3 Ba4 15. Re1 e6 16. Qb2 Bf8 17. Qb1 Qd7 18. h4 Bg7 19. h5 Nc6 20. e5 Ne7 21. hxg6 hxg6 22. Nf4 Bc6 23. Be4 Red8 24. Red1 cxd4 25. cxd4 a6 26. Bxc6 Rxc6 27. Qe4 b5 28. Nd3 Rdc8 29. Rxc6 Qxc6 30. Qxc6 Nxc6 31. Rc1 Bf8 32. Bd2 Na7 33. Rxc8 Nxc8 34. Bb4 Nb6 35. Kf1 Nd5 36. a3 Be7 37. Ke2 Kf8 38. g3 a5 39. Bxe7+ Kxe7 40. Kd2 Kd7 41. Kc2 Kc6 42. Kb3 Nb6 43. Nf4 Nc4 44. g4 Nd2+ 45. Kc2 Ne4 46. f3 Ng5 47. Kd3 Nxf3 48. Nh3 b4 49. axb4 axb4 50. Kc4 b3 51. Kxb3 Nxd4+ 52. Kc4 Nf3 53. g5 Nxe5+ 54. Kd4 Kd6 55. Ke4 Nd7 0-1

[Event "CZE-chT U18 0506"]
[Site "Czech Republic"]
[Date "2006.04.22"]
[Round "4.2"]
[White "Sirota, Sergej"]
[Black "Gablech, Imrich"]
[Result "1/2-1/2"]
[WhiteElo "1754"]
[BlackElo "1874"]
[PlyCount "47"]
[EventDate "2005.10.08"]
[EventType "team"]
[EventRounds "11"]
[EventCountry "CZE"]
[SourceTitle "EXT 2009"]
[Source "ChessBase"]
[SourceDate "2008.11.26"]
[SourceVersion "1"]
[SourceVersionDate "2008.11.26"]
[SourceQuality "1"]
[WhiteTeam "Liberec"]
[BlackTeam "Havlickuv Brod"]
[WhiteTeamCountry "CZE"]
[BlackTeamCountry "CZE"]

1. d4 d5 2. c4 e6 3. Nc3 Nf6 4. Bg5 Nbd7 5. e3 Be7 6. Nf3 0-0 7. Rc1 c6 8. Bd3 Re8 9. 0-0 Nf8 10. Ne5 dxc4 11. Bxc4 Nd5 12. Bxe7 Qxe7 13. Qe2 Nd7 14. Nxd7 Nxc3 15. Rxc3 Bxd7 16. Rd1 Rac8 17. Bb3 Red8 18. Rcd3 Be8 19. Ba4 e5 20. d5 cxd5 21. Bxe8 Qxe8 22. Rxd5 Rxd5 23. Rxd5 Rc1+ 24. Rd1 1/2-1/2

[Event "CZE-chT U18 0506"]
[Site "Czech Republic"]
[Date "2006.04.21"]
[Round "4"]
[White "Doubek, Tomas"]
[Black "Sirota, Sergej"]
[Result "1-0"]
[WhiteElo "1865"]
[BlackElo "1754"]
[PlyCount "93"]
[EventDate "2005.10.08"]
[EventType "team"]
[EventRounds "11"]
[EventCountry "CZE"]
[SourceTitle "EXT 2009"]
[Source "ChessBase"]
[SourceDate "2008.11.26"]
[SourceVersion "1"]
[SourceVersionDate "2008.11.26"]
[SourceQuality "1"]
[WhiteTeam "Grygov"]
[BlackTeam "Liberec"]
[WhiteTeamCountry "CZE"]
[BlackTeamCountry "CZE"]

1. e4 c6 2. d4 d5 3. Nc3 dxe4 4. Nxe4 Bf5 5. Ng3 Bg6 6. Nf3 Nd7 7. c4 e6 8. Qb3 Qc7 9. Be3 Ngf6 10. Be2 Bd6 11. 0-0 0-0 12. Rac1 Qb6 13. Rfd1 h6 14. Nd2 Rfd8 15. Bf3 Rac8 16. d5 Qxb3 17. Nxb3 cxd5 18. cxd5 Rxc1 19. Nxc1 Nxd5 20. Bxa7 N7f6 21. Be3 Rd7 22. Nf1 Rc7 23. Ne2 Be5 24. Bd4 Bxd4 25. Nxd4 Kf8 26. Ne3 Nxe3 27. fxe3 Be4 28. Rd2 Ke7 29. Kf2 Rc5 30. Nb3 Rd5 31. Ke2 Kd6 32. Nd4 b6 33. Nb5+ Kc6 34. Nc3 Bxf3+ 35. gxf3 Rxd2+ 36. Kxd2 Nd5 37. Ne4 f5 38. Ng3 Nf6 39. Ne2 e5 40. Ng3 g6 41. h3 f4 42. exf4 exf4 43. Ne2 g5 44. b3 Kd5 45. Kd3 h5 46. a3 Kc5 47. b4+ 1-0

[Event "CZE-ch U16"]
[Site "Zlate Hory"]
[Date "2006.03.18"]
[Round "9"]
[White "Novotny, Petr1111"]
[Black "Sirota, Sergej"]
[Result "1/2-1/2"]
[WhiteElo "1779"]
[BlackElo "1810"]
[PlyCount "27"]
[EventDate "2006.03.11"]
[EventType "swiss"]
[EventRounds "9"]
[EventCountry "CZE"]
[SourceTitle "EXT 2008"]
[Source "ChessBase"]
[SourceDate "2007.11.25"]
[SourceVersion "1"]
[SourceVersionDate "2007.11.25"]
[SourceQuality "1"]

1. e4 c6 2. d4 d5 3. exd5 cxd5 4. c4 Nf6 5. Nc3 e6 6. Nf3 Be7 7. Be2 0-0 8. 0-0 Nc6 9. b3 b6 10. Bb2 Bb7 11. a3 Rc8 12. Rc1 a6 13. Re1 Re8 14. Nb1 1/2-1/2

[Event "CZE-ch U16"]
[Site "Zlate Hory"]
[Date "2006.03.15"]
[Round "6"]
[White "Sirota, Sergej"]
[Black "Mitura, Karel"]
[Result "1/2-1/2"]
[WhiteElo "1810"]
[BlackElo "1967"]
[PlyCount "26"]
[EventDate "2006.03.11"]
[EventType "swiss"]
[EventRounds "9"]
[EventCountry "CZE"]
[SourceTitle "EXT 2008"]
[Source "ChessBase"]
[SourceDate "2007.11.25"]
[SourceVersion "1"]
[SourceVersionDate "2007.11.25"]
[SourceQuality "1"]

1. d4 Nf6 2. c4 g6 3. Nc3 Bg7 4. e4 d6 5. f3 a6 6. Be3 Nc6 7. Nge2 Rb8 8. Qd2 e5 9. d5 Ne7 10. Ba7 Ra8 11. Be3 Rb8 12. Ba7 Ra8 13. Be3 Rb8 1/2-1/2

[Event "CZE-ch U16"]
[Site "Zlate Hory"]
[Date "2006.03.14"]
[Round "5"]
[White "Macicek, Jakub"]
[Black "Sirota, Sergej"]
[Result "1-0"]
[WhiteElo "2054"]
[BlackElo "1810"]
[PlyCount "93"]
[EventDate "2006.03.11"]
[EventType "swiss"]
[EventRounds "9"]
[EventCountry "CZE"]
[SourceTitle "EXT 2008"]
[Source "ChessBase"]
[SourceDate "2007.11.25"]
[SourceVersion "1"]
[SourceVersionDate "2007.11.25"]
[SourceQuality "1"]

1. e4 c6 2. d4 d5 3. Nd2 dxe4 4. Nxe4 Bf5 5. Ng3 Bg6 6. h4 h6 7. Nf3 Nf6 8. h5 Bh7 9. Bd3 Bxd3 10. Qxd3 Nbd7 11. Bd2 e6 12. 0-0-0 Qc7 13. Ne4 Nxe4 14. Qxe4 Nf6 15. Qe2 Bd6 16. g3 b5 17. Ne5 Nd5 18. f4 Bxe5 19. dxe5 0-0-0 20. g4 Qb6 21. f5 b4 22. fxe6 fxe6 23. Qc4 Kb7 24. Rh3 Rhf8 25. Rd3 Kc8 26. Qe4 Qc7 27. Re1 Rf7 28. Bxb4 Nxb4 29. Rxd8+ Qxd8 30. Qxb4 Rb7 31. Qa3 Qg5+ 32. Kb1 Qxg4 33. Qd6 Rc7 34. a3 Kb7 35. Rd1 Qf5 36. Rd3 Qf7 37. Qd8 Qf1+ 38. Ka2 Rf7 39. Rb3+ Ka6 40. Qc8+ Ka5 41. Qxc6 Rf4 42. Qc7+ Ka6 43. Qb7+ Ka5 44. Qxa7+ Qa6 45. Qc7+ Ka4 46. Qd7+ Ka5 47. Qd2+ 1-0

[Event "CZE-chT U18 0506"]
[Site "Czech Republic"]
[Date "2006.01.28"]
[Round "6.3"]
[White "Sirota, Sergej"]
[Black "Klecker, Tadeas"]
[Result "1-0"]
[WhiteElo "1754"]
[BlackElo "1899"]
[PlyCount "111"]
[EventDate "2005.10.08"]
[EventType "team"]
[EventRounds "11"]
[EventCountry "CZE"]
[SourceTitle "EXT 2009"]
[Source "ChessBase"]
[SourceDate "2008.11.26"]
[SourceVersion "1"]
[SourceVersionDate "2008.11.26"]
[SourceQuality "1"]
[WhiteTeam "Liberec"]
[BlackTeam "Praha Oaza"]
[WhiteTeamCountry "CZE"]
[BlackTeamCountry "CZE"]

1. d4 Nf6 2. c4 g6 3. Nc3 Bg7 4. e4 d6 5. f3 0-0 6. Be3 e5 7. d5 Ne8 8. g4 f5 9. gxf5 gxf5 10. Bh3 f4 11. Bxc8 Qxc8 12. Bf2 b6 13. Qe2 a5 14. a4 Na6 15. Kd2 Nf6 16. h4 h6 17. Nh3 Kf7 18. Nb5 Rg8 19. Bxb6 Qd7 20. Bf2 Bh8 21. Rag1 Rxg1 22. Nxg1 Rg8 23. b3 Rg7 24. Qf1 Qd8 25. Ne2 Qg8 26. Rg1 Rxg1 27. Qxg1 Qxg1 28. Nxg1 Kg6 29. Ke2 Nd7 30. Be1 Ndc5 31. Bxa5 Nxb3 32. Bxc7 Nxc7 33. Nxc7 Bf6 34. Nb5 Be7 35. Nh3 Kh5 36. Nf2 Kxh4 37. Ng4 Kg5 38. Na7 Bd8 39. Nb5 Be7 40. Na7 h5 41. Nc6 Nd4+ 42. Nxd4 exd4 43. a5 Bd8 44. a6 Bb6 45. Nf2 Kf6 46. Nd3 Kg5 47. Kf2 Ba7 48. Kg2 h4 49. Kh3 Bb6 50. e5 Kg6 51. exd6 Kf7 52. c5 Ba7 53. c6 Ke8 54. Kxh4 Kd8 55. Nxf4 Kc8 56. d7+ 1-0

[Event "CZE-chT U18 0506"]
[Site "Czech Republic"]
[Date "2006.01.14"]
[Round "5.3"]
[White "Sirota, Sergej"]
[Black "Rehak, Jakub"]
[Result "0-1"]
[WhiteElo "1754"]
[BlackElo "1735"]
[PlyCount "71"]
[EventDate "2005.10.08"]
[EventType "team"]
[EventRounds "11"]
[EventCountry "CZE"]
[SourceTitle "EXT 2009"]
[Source "ChessBase"]
[SourceDate "2008.11.26"]
[SourceVersion "1"]
[SourceVersionDate "2008.11.26"]
[SourceQuality "1"]
[WhiteTeam "Liberec"]
[BlackTeam "Most"]
[WhiteTeamCountry "CZE"]
[BlackTeamCountry "CZE"]

1. d4 d5 2. c4 dxc4 3. Nc3 e6 4. e3 Nf6 5. a3 c5 6. Bxc4 cxd4 7. exd4 Nc6 8. Nf3 Bd6 9. 0-0 h6 10. Re1 0-0 11. Bb3 b6 12. Qd3 Bb7 13. Bc2 Ne7 14. g4 Bxf3 15. Qxf3 Rc8 16. h4 Nc6 17. Be3 e5 18. g5 hxg5 19. hxg5 exd4 20. gxf6 dxe3 21. fxe3 Qxf6 22. Qxf6 gxf6 23. Kf2 Ne5 24. Rg1+ Ng6 25. Bxg6 fxg6 26. Rxg6+ Kf7 27. Rag1 Rg8 28. Rxg8 Rxg8 29. Rd1 Rd8 30. Ke2 a6 31. Ne4 Ke6 32. Nxd6 Rxd6 33. Rxd6+ Kxd6 34. Kd3 Ke5 35. a4 Kd5 36. b3 0-1

[Event "CZE-chT U18 0506"]
[Site "Czech Republic"]
[Date "2005.10.08"]
[Round "1"]
[White "Sirota, Sergej"]
[Black "Cisler, Michal"]
[Result "1/2-1/2"]
[WhiteElo "1754"]
[BlackElo "1831"]
[PlyCount "41"]
[EventDate "2005.10.08"]
[EventType "team"]
[EventRounds "11"]
[EventCountry "CZE"]
[SourceTitle "EXT 2009"]
[Source "ChessBase"]
[SourceDate "2008.11.26"]
[SourceVersion "1"]
[SourceVersionDate "2008.11.26"]
[SourceQuality "1"]
[WhiteTeam "Liberec"]
[BlackTeam "Plzen"]
[WhiteTeamCountry "CZE"]
[BlackTeamCountry "CZE"]

1. d4 d5 2. c4 c6 3. Nf3 Nf6 4. Nc3 Bf5 5. Qb3 Bc8 6. cxd5 Nxd5 7. e4 Nxc3 8. bxc3 Qb6 9. Ba3 Qxb3 10. axb3 Be6 11. c4 Nd7 12. h3 Nb6 13. Bc5 Nc8 14. Bd3 Bd7 15. 0-0 e6 16. Bxf8 Rxf8 17. Rfe1 f6 18. Ra2 Kf7 19. Rea1 Rd8 20. Kh1 h6 21. Re1 1/2-1/2